AU LIBRARIES
Centralized Library System Across Seven Campuses

The things that really matter about getting started on the internet (Record no. 10042)

MARC details
000 -LEADER
fixed length control field 00632nam a2200217Ia 4500
005 - DATE AND TIME OF LATEST TRANSACTION
control field 20260511200222.0
008 - FIXED-LENGTH DATA ELEMENTS--GENERAL INFORMATION
fixed length control field 260511s9999 xx 000 0 und d
082 ## - DEWEY DECIMAL CLASSIFICATION NUMBER
Classification number 004.678 KRE
100 ## - MAIN ENTRY--AUTHOR
Author Name krechowiecko, Irene
245 #4 - TITLE STATEMENT
Title The things that really matter about getting started on the internet
260 ## - PUBLICATION, DISTRIBUTION, ETC.
Name of publisher, distributor, etc. Viva Books
Place of Publication New Delhi
Date of publication, distribution, etc. 2000
650 ## - SUBJECT ADDED ENTRY--TOPICAL TERM
Subject / Department Artificial Intelligence
650 ## - SUBJECT ADDED ENTRY--TOPICAL TERM
Subject / Department Computer Science
650 ## - SUBJECT ADDED ENTRY--TOPICAL TERM
Subject / Department Creative Technology
650 ## - SUBJECT ADDED ENTRY--TOPICAL TERM
Subject / Department Cybersecurity
650 ## - SUBJECT ADDED ENTRY--TOPICAL TERM
Subject / Department Data Science
650 ## - SUBJECT ADDED ENTRY--TOPICAL TERM
Subject / Department Games Development
650 ## - SUBJECT ADDED ENTRY--TOPICAL TERM
Subject / Department Information Techonology (IT)
650 ## - SUBJECT ADDED ENTRY--TOPICAL TERM
Subject / Department Software Engineering
942 ## - ADDED ENTRY ELEMENTS (KOHA)
Koha item type Book
Holdings
Withdrawn status Lost status Damaged status Not for loan Collection code Permanent Location Current Location Shelving Location Date acquired Source of acquisition Full Call Number Accession No./Barcode Koha item type Public note
Written off { Not Available }         Air University Central Library Islamabad Air University Central Library Islamabad Artificial Intelligence 07/10/2015 Not available. 004.678 KRE P0019 Book Write off in 2018 IBD/AU/231/10/LIB M-14
Air University Sector E-9, Islamabad Pakistan
Email: librarian@au.edu.pk  Tel : +0092 51 9262612 Ext: 631